000 00739nam a2200229 a 4500
001 BRCA_2973
005 20190320204042.0
008 181208s1896----ksua---###---#000-0#eng-u
050 4 _aF1226
_b.C56 1896
100 1 _aCloud, William F.
_98245
245 1 0 _aChurch and State
_bor Mexican politics from Cortez to Diaz. Under X rays
_cby W. F. Cloud.
260 _aKansas City, Misuri
_bPeck & Clark
_c1896
300 _a1 v. (en varias paginaciones)
_bil.
_c20 cm.
500 _aB112
650 1 4 _aIglesia y estado en México
_98091
650 1 4 _aIglesia Católica en México
_98090
651 4 _aMéxico
_xHistoria
_9614
651 4 _aEstados Unidos
_xHistoria
_98246
651 4 _aTexas
_xHistoria
_98247
902 _aGFM
942 _2lcc
_cB
999 _c2712
_d2712